Capitales des États des États-Unis - Carte - Statistiques

Statistiques générales
  • Ce quiz a été pris 485 fois
    478 depuis la dernière actualisation
  • Le résultat moyen est 32 sur 50
Réponses sur la Carte
Les réponses sont colorées sur une échelle allant du rouge au vert en fonction du pourcentage des utilisateurs qui les ont devinées à leur premier essai. Vous pouvez retrouver ces pourcentages ci-dessous.
 
Statistiques - réponses
État % Correct
Denver
84%
Honolulu
83%
Austin
82%
Sacramento
82%
Phoenix
81%
Baton Rouge
80%
Boston
79%
Atlanta
76%
Indianapolis
76%
Juneau
75%
Oklahoma City
75%
Salt Lake City
71%
Albany
70%
Salem
70%
Santa Fe
70%
Tallahassee
70%
Pierre
69%
Nashville
68%
Des Moines
67%
Jackson
67%
Helena
66%
Montpelier
66%
Boise
64%
Montgomery
64%
Olympia
64%
Springfield
64%
Bismark
63%
Cheyenne
62%
Carson City
61%
Columbus
60%
Saint Paul
60%
Raleigh
59%
Augusta
58%
Little Rock
58%
Columbia
57%
Charleston
56%
Lincoln
56%
Madison
56%
Providence
55%
Richmond
55%
Dover
54%
Frankfort
54%
Topeka
54%
Jefferson City
52%
Lansing
52%
Hartford
50%
Harrisburg
49%
Concord
48%
Trenton
48%
Annapolis
47%
Aucun quiz correspondant
Distribution des résultats
% des personnes avec chaque résultat
Percentile par nombre de réponses
Votre historique - résultats
Vous n’avez pas pris ce quiz depuis la dernière actualisation